| 000 | 00571nam a22001817a 4500 | ||
|---|---|---|---|
| 999 |
_c19242 _d19242 |
||
| 003 | AR-CdUCM | ||
| 008 | 190517b ||||| |||| 00| 0 spa d | ||
| 040 |
_aMUNICIPALIDAD PROVINCIAL DEL CUSCO _cBIBLIOTECA MUNICIPAL DEL CUSCO |
||
| 082 |
_a249 / _bV32 |
||
| 100 |
_aVargas Isaías _926455 |
||
| 245 | _aHumilde homenaje a Jesus Sacramento de su esclavo Isaías Vargas / | ||
| 260 |
_aCuzco : _bSilvac Noc, _c1949. |
||
| 300 |
_a80 páginas ; _c21 cm. |
||
| 505 | _aHumilde Homenaje a Jesus Sacramento. | ||
| 650 |
_aCusco. _9772 |
||
| 942 |
_2ddc _cLIBROS |
||
| 945 | _awfj | ||